SZA - Chill Baby (All Lyrics) - Statistics

General Stats
  • This quiz has been taken 3 times
  • The average score is 191 of 290
Answer Stats
Answer % Correct
a
100%
A
100%
and
100%
baby,
100%
baby
100%
been
100%
Chill,
100%
don't
100%
face
100%
fears
100%
finds
100%
go,
100%
go
100%
gravity
100%
I
100%
in
100%
In
100%
I've
100%
my
100%
of
100%
on
100%
out
100%
peace
100%
so
100%
stay
100%
to
100%
town,
100%
all
50%
anybody
50%
around
50%
bit
50%
can't
50%
damn,
50%
die,
50%
dip
50%
end
50%
end,
50%
fight
50%
found
50%
fuck
50%
God,
50%
going
50%
here
50%
hope
50%
I'm
50%
impatient
50%
It's
50%
just
50%
keep
50%
kill
50%
let's
50%
lies
50%
love
50%
make
50%
me
50%
motion,
50%
no,
50%
people
50%
right
50%
sayin'
50%
shit,
50%
shit
50%
sick
50%
stop
50%
strong,
50%
that
50%
that's
50%
That's
50%
the
50%
think
50%
this
50%
tryna
50%
up
50%
us
50%
we
50%
What
50%
Woo,
50%
Woo
50%
Yeah,
50%
yeah
50%
you
50%
anything
0%
build
0%
building
0%
Defyin'
0%
Doing
0%
everybody
0%
figurative
0%
free,
0%
get
0%
got,
0%
gotta
0%
Hard
0%
know
0%
law
0%
literal
0%
manifest
0%
mode
0%
nobody,
0%
now
0%
or
0%
Relyin'
0%
reminder
0%
someone
0%
start
0%
survival
0%
tired
0%
Tired
0%
tragedy
0%
trust
0%
urge
0%
wall
0%
walls
0%
want
0%
watching
0%
with
0%
No matching quizzes found
Score Distribution
Percent of People with Each Score
Percentile by Number Answered
Your Score History
You have not taken this quiz